Normal view
MARC view
Entry Personal Name
001 - CONTROL NUMBER
- control field: 15446
003 - CONTROL NUMBER IDENTIFIER
- control field: ARRUPE
005 - DATE AND TIME OF LATEST TRANSACTION
- control field: 20150219173705.0
008 - FIXED-LENGTH DATA ELEMENTS
- fixed length control field: 150219|| aca||aabn | a|a d
040 ## - CATALOGING SOURCE
- Original cataloging agency: ARRUPE
- Transcribing agency: ARRUPE
100 ## - HEADING--PERSONAL NAME
- Personal name: Nyerere, Julius K.
670 ## - SOURCE DATA FOUND
- Source citation: Work cat.: (ARRUPE): Nyerere, Julius K., The economic challenge , 1975